| 000 | 00724cam a2200265 4500 | ||
|---|---|---|---|
| 001 | J107297 | ||
| 008 | 000000n2000 000 0 eng u | ||
| 035 | _a(Sirsi) u107297 | ||
| 100 | _aHarris, Jonathan | ||
| 245 | _aVictorian to virtual : a paper for RICS members | ||
| 260 |
_aLondon _bRICS _c2000 |
||
| 300 | _a22p. ; ill. ; 30cm. | ||
| 650 | _aINTERNET | ||
| 650 | _aE-MAIL | ||
| 650 | _aE-COMMERCE | ||
| 650 | _aTECHNOLOGY | ||
| 650 | _aRICS | ||
| 650 | _aPRESIDENT | ||
| 650 | _aFUTURE | ||
| 650 | _aAGENDA FOR CHANGE | ||
| 650 | _aSURVEYING PROFESSION | ||
| 690 | _aMANAGEMENT-BUSINESS MANAGEMENT-INFORMATION MANAGEMENT | ||
| 710 |
_aRoyal Institution of Chartered Surveyors _94900 |
||
| 942 | _n0 | ||
| 999 |
_c100679 _d100679 |
||